Statistiken für Trainer der Bundesliga 2007/08

Klicken Sie hier um das Quiz zu spielen!

Allgemein

  • Dieses Quiz wurde 85 mal gespielt
  • Das Durchschnittsergebnis liegt bei 10 aus 18

Antwortstatistiken

#VereinAmtszeitTrainer% Korrekt
2Werder Bremen10.05.1999 - 14.05.2013Thomas Schaaf
91%
5VfL Wolfsburg13.06.2007 - 30.06.2009Felix Magath
83%
1Bayern München01.02.2007 - 30.06.2008Ottmar Hitzfeld
81%
6VfB Stuttgart10.02.2006 - 22.11.2008Armin Veh
77%
13Borussia Dortmund13.03.2007 - 19.05.2008Thomas Doll
71%
4Hamburger SV02.02.2007 - 30.06.2008Huub Stevens
64%
9Eintracht Frankfurt01.07.2004 - 30.06.2009Friedhelm Funkel
62%
3FC Schalke 0404.01.2006 - 13.04.2008Mirko Slomka
58%
8Hannover 9611.09.2006 - 19.08.2009Dieter Hecking
55%
10Hertha BSC01.07.2007 - 27.09.2009Lucien Favre
51%
7Bayer Leverkusen09.10.2005 - 21.05.2008Michael Skibbe
51%
11Karlsruher SC13.01.2005 - 19.08.2009Edmund Becker
49%
161. FC Nürnberg09.11.2005 - 11.02.2008Hans Meyer
42%
14Energie Cottbus24.11.2004 - 23.09.2007Petrik Sander
41%
12VfL Bochum01.07.2005 - 20.09.2009Marcel Koller
38%
15Arminia Bielefeld14.03.2007 - 10.12.2007Ernst Middendorp
33%
17Hansa Rostock15.08.2005 - 10.11.2008Frank Pagelsdorf
32%
18MSV Duisburg01.07.2006 - 09.11.2008Rudi Bommer
30%

Verteilung der Resultate

Perzentil nach korrekt beantworteten Fragen

Anzahl Personen mit jedem Resultat

Ihre Resultats-Entwicklung

Sie haben dieses Quiz noch nicht gespielt